LEADER 01215nlm0 22003491i 450 001 990009880520403321 005 20140709150539.0 010 $a978-1-84593-353-1 035 $a000988052 035 $aFED01000988052 035 $a(Aleph)000988052FED01 035 $a000988052 100 $a20140709d2008----km-y0itay0103----ba 101 0 $aeng 135 $adrnn-008mamaa 200 1 $aGlobal pesticide resistance in arthropods$bRisorsa elettronica$fedited by M. E. Whalon, D. Mota-Sanchez and R. M. Hollingworth 210 $aWallingford, U.K. ; Cambridge, Mass.$cCABI$cOvid [distributor]$d2008 230 $aDocumento elettronico 336 $aTesto 337 $aFormato pdf 610 0 $aAntiparassitari naturali 676 $a632.65 702 1$aHollingworth,$bRobert M. 702 1$aMota-Sanchez,$bDavid 702 1$aWhalon,$bMark Edward 801 3$aIT$bUNINA$gREICAT$2UNIMARC 856 4 $zFull text per gli utenti Federico II$uhttp://ovidsp.ovid.com/ovidweb.cgi?T=JS&PAGE=booktext&NEWS=N&DF=bookdb&AN=01434620/1st_Edition&XPATH=/PG(0) 901 $aEB 912 $a990009880520403321 961 $aPest Control 996 $aGlobal pesticide resistance in arthropods$9805195 997 $aUNINA LEADER 01672nas 2200529-a 450 001 996251284003316 005 20230415213022.0 011 $a1477-0350 035 $a(DE-599)ZDB2010984-2 035 $a(OCoLC)42696548 035 $a(CKB)963017833275 035 $a(CONSER)--2013220314 035 $a(EXLCZ)99963017833275 100 $a19991025a19999999 s-- - 101 0 $aeng 135 $aurmnu|||||||| 181 $ctxt$2rdacontent 182 $cc$2rdamedia 183 $acr$2rdacarrier 200 10$aTrauma 210 $a[London] $cEdward Arnold Pub.$d1999- 215 $a1 online resource 300 $aRefereed/Peer-reviewed 300 $aTitle from journal information screen (viewed September 27, 1999). 311 $a1460-4086 606 $aTraumatology$vPeriodicals 606 $aDisaster medicine$vPeriodicals 606 $aWounds and injuries$vPeriodicals 606 $aEmergency Treatment 606 $aDisaster medicine$2fast$3(OCoLC)fst00894725 606 $aTraumatology$2fast$3(OCoLC)fst01155549 606 $aWounds and injuries$2fast$3(OCoLC)fst01181488 608 $aInternet resource. 608 $aPeriodicals.$2fast 610 1 $aMedicine$aPublic aspects of medicine$aForensic medicine . Medical jurisprudence . Legal medicine ; Public aspects of medicine 615 0$aTraumatology 615 0$aDisaster medicine 615 0$aWounds and injuries 615 2$aEmergency Treatment 615 7$aDisaster medicine. 615 7$aTraumatology. 615 7$aWounds and injuries. 676 $a617.21 906 $aJOURNAL 912 $a996251284003316 996 $aTrauma$91350123 997 $aUNISA LEADER 01071nas 2200397 c 450 001 996588051303316 005 20240405175225.0 011 $a2544-1701 035 $a(CKB)4930000000040098 035 $a(DE-101)1142194132 035 $a(DE-599)ZDB2909492-6 035 $a(EXLCZ)994930000000040098 100 $a20171024a20119999 |y | 101 0 $apol 135 $aur||||||||||| 181 $ctxt$2rdacontent 182 $cc$2rdamedia 183 $acr$2rdacarrier 200 00$aJe?zyk. religia. toz?samos?c? 210 31$aGorzo?w Wielkopolski$cWydawnictwo Naukowe Akademii im. Jakuba z Paradyz?a w Gorzowie Wielkopolskim$d[2011?]- 215 $aOnline-Ressource 311 $a2083-8964 517 1 $aLanguage. religion. identity 606 $aPeriodicals 615 0$aPeriodicals. 676 $a200 676 $a300 676 $a400 676 $a800 801 0$b0012 801 1$bDE-101 801 2$b9999 906 $aJOURNAL 912 $a996588051303316 996 $aJe?zyk. religia. toz?samos?c?$94148042 997 $aUNISA